Communications engineering: essentials for computer scientists and electrical engineers (Record no. 79546)

MARC details
000 -LEADER
fixed length control field 00905nam a2200193 a 4500
008 - FIXED-LENGTH DATA ELEMENTS--GENERAL INFORMATION
fixed length control field 120216s2007 ||||||||||||||||| || u
020 ## - INTERNATIONAL STANDARD BOOK NUMBER
International Standard Book Number 9780470822456
050 ## - LIBRARY OF CONGRESS CALL NUMBER
Classification number TK 5101 Lee
100 ## - MAIN ENTRY--PERSONAL NAME
Personal name Lee, R. C. T
245 10 - TITLE STATEMENT
Title Communications engineering: essentials for computer scientists and electrical engineers
Statement of responsibility, etc. by R. C. T. Lee; Mao-Ching Chiu; Jung-Shan Lin
260 ## - PUBLICATION, DISTRIBUTION, ETC.
Place of publication, distribution, etc. Singapore:
Name of publisher, distributor, etc. John Wiley and Sons
Date of publication, distribution, etc. 2007
300 ## - PHYSICAL DESCRIPTION
Extent viii, 260p.: ill.
350 ## -
-- 0.00
650 ## - SUBJECT ADDED ENTRY--TOPICAL TERM
Topical term or geographic name entry element TELECOMMUNICATION
700 ## - ADDED ENTRY--PERSONAL NAME
Personal name Chiu, Mao-Ching
700 ## - ADDED ENTRY--PERSONAL NAME
Personal name Lin, Jung-Shan
995 ## -
-- MAIN LIBRARY OPEN ACCESS
-- 0.00
-- 742916
-- CBU-MAIN LIBRARY (Kitwe)
-- 1
-- 0.00
-- TK 5101 Lee
-- 2
-- AVAILABLE
-- Apr 12, 2012
-- 742916
-- Main Library Open Access Collection
995 ## -
-- MAIN LIBRARY OPEN ACCESS
-- 0.00
-- 742915
-- CBU-MAIN LIBRARY (Kitwe)
-- 1
-- 0.00
-- TK 5101 Lee
-- 1
-- AVAILABLE
-- Apr 12, 2012
-- 742915
-- Main Library Open Access Collection
999 ## -
-- 79546
-- 79546
Holdings
Withdrawn status Lost status Source of classification or shelving scheme Damaged status Not for loan Permanent Location Current Location Shelving location Date acquired Total Checkouts Full call number Barcode Date last seen Copy number Price effective from Koha item type
          CBU-MAIN LIBRARY, KITWE. CBU-MAIN LIBRARY, KITWE.   06/29/2023   TK 5101 Lee 742916 06/29/2023 1 06/29/2023 MONOGRAPH
          CBU-MAIN LIBRARY, KITWE. CBU-MAIN LIBRARY, KITWE.   06/29/2023   TK 5101 Lee 742915 06/29/2023 2 06/29/2023 MONOGRAPH